00217nam a2200085Ia 450000100070000000500170000700800410002424500410006526000250010672931720250826163525.0250824s9999 xx 000 0 und d 0aDİVAN ŞİİRİNDEN SEÇMELER bKÜLTÜR YAYINLARI